000 00527nam a2200181Ia 4500
005 20250508155236.0
008 008 250505s9999 xx 000 0 eng d
037 _aTextual
040 _aFEDL
_beng
_cFEDL
041 _aeng
_2eng
084 _a428.25, IND
_qFEDL
245 0 _aReport of the committtee appointed by the central advisory board of education on basic english
245 0 _cBureau of Education
260 _c1948
300 _a23p.
942 _cTEXL
_h428.25, IND
999 _c1355456
_d1355456